| 000 | 00000nam 2200000za 4500 |
| 001 | 9.846920 |
| 003 | CaOODSP |
| 005 | 20221107153322 |
| 007 | cr ||||||||||| |
| 008 | 171109s1991 xxcao |o f|0| 0 fre d |
| 040 | |aCaOODSP|bfre |
| 043 | |an-cn--- |
| 086 | |aNH18-1/395-1991F-PDF |
| 100 | 1 |aLeblanc, Richard. |
| 245 | 10|aEssais d'étanchéité à l'air sur différents scellants, garnitures d'étanchéité et rubans gommes |h[ressource électronique] / |csoumis par Air-Ins Inc.; préparé par Richard Leblanc. |
| 260 | |a[Ottawa : |bSociété canadienne d'hypothèque et de logement], |c1991. |
| 300 | |a64 p. : |bill., photogr. |
| 500 | |a« Preparé pour: M. Jacques Rousseau. » |
| 500 | |a« Date: le 27 septembre 1991. » |
| 500 | |a« Approuvé par Armand Patenaud. » |
| 500 | |aPubl. aussi en anglais sous le titre : Air tightness tests on components used to join different or similar materials of the building envelope. |
| 500 | |aÉdition numérisée de l’imprimée, 2015 [par Société canadienne d'hypothèques et de logement]. |
| 504 | |aComprend des références bibliographiques. |
| 520 | |a« Le but visé par ce projet est de vérifier le comportement de plusieurs techniques de liaisons utilisées entre divers éléments du pare-air, lorsque ces mêmes liaisons sont soumises simultanément à un écart de pression prolongé et à des températures pouvant varier entre les conditions extrêmes rencontrées au Canada »--Résumé. |
| 692 | 07|2gccst|aMatériau de construction |
| 692 | 07|2gccst|aConception |
| 692 | 07|2gccst|aTest |
| 710 | 2 |aAIR-INS Inc. |
| 710 | 2 |aSociété canadienne d'hypothèques et de logement. |
| 775 | 08|tAir tightness tests on components used to join different or similar materials of the building envelope |w(CaOODSP)9.831040 |
| 856 | 40|qPDF|s3.34 Mo|uhttps://publications.gc.ca/collections/collection_2017/schl-cmhc/nh18-1/NH18-1-395-1991-fra.pdf |